[Event "Chigorin Memorial 28th"]
[Site "St Petersburg"]
[Date "2021.10.30"]
[Round "8"]
[White "Isanbaev, Ramil"]
[Black "Tolstykh, Kirill"]
[Result "1-0"]
[WhiteElo "2162"]
[BlackElo "1816"]
[PlyCount "95"]
[EventDate "2021.10.23"]
[EventType "swiss"]
[EventRounds "9"]
[EventCountry "RUS"]
[SourceTitle "EXT 2023"]
[Source "ChessBase"]
[SourceDate "2022.10.05"]
[SourceVersion "1"]
[SourceVersionDate "2022.10.05"]
[SourceQuality "1"]

1. e4 c6 2. d4 d5 3. Nd2 dxe4 4. Nxe4 Bf5 5. Ng3 Bg6 6. Nf3 e6 7. Ne5 Nd7 8. Nxg6 hxg6 9. Ne4 Ngf6 10. Bd3 Nxe4 11. Bxe4 Nf6 12. Bf3 Bd6 13. Bg5 Qb6 14. g3 0-0 15. 0-0 Qxb2 16. c4 Rad8 17. Rb1 Qxa2 18. Qd3 Qa5 19. h4 Be5 20. Be3 Qc7 21. Qc3 Bd6 22. Kg2 e5 23. Rh1 e4 24. Be2 Nh5 25. Qc2 f5 26. c5 Bxg3 27. Bxh5 f4 28. Qb3+ Kh8 29. fxg3 fxe3 30. Bg4 Rxd4 31. Qe6 Qf7 32. Rhf1 Rd2+ 33. Kh3 Rf2 34. Qxf7 R8xf7 35. Rfe1 Rc2 36. Rxe3 Rff2 37. Bc8 Rh2+ 38. Kg4 Rxc5 39. Rxe4 Rc3 40. Re8+ Kh7 41. Be6 Rg2 42. Rxb7 Rgxg3+ 43. Kf4 Rgf3+ 44. Ke5 Rc5+ 45. Kd6 Rb5 46. Rxa7 Rb4 47. Raa8 Rd3+ 48. Kc5 1-0

[Event "Chigorin Memorial 28th"]
[Site "St Petersburg"]
[Date "2021.10.29"]
[Round "7"]
[White "Aksenova, Maria"]
[Black "Isanbaev, Ramil"]
[Result "0-1"]
[WhiteElo "2012"]
[BlackElo "2162"]
[PlyCount "80"]
[EventDate "2021.10.23"]
[EventType "swiss"]
[EventRounds "9"]
[EventCountry "RUS"]
[SourceTitle "EXT 2023"]
[Source "ChessBase"]
[SourceDate "2022.10.05"]
[SourceVersion "1"]
[SourceVersionDate "2022.10.05"]
[SourceQuality "1"]

1. d4 Nf6 2. c4 c5 3. d5 b5 4. cxb5 a6 5. b6 d6 6. Nc3 Nbd7 7. Nf3 g6 8. e4 Bg7 9. Be2 0-0 10. 0-0 Rb8 11. h3 Rxb6 12. Rb1 a5 13. Qc2 e6 14. dxe6 fxe6 15. Bc4 Re8 16. Na4 Rb8 17. Bf4 Bb7 18. Ng5 d5 19. Bxb8 Qxb8 20. Bb5 Qf4 21. Qc1 Qd6 22. e5 Qxe5 23. Nxc5 Nxc5 24. Bxe8 Nxe8 25. Qxc5 Qxg5 26. Qb6 Qe7 27. Rfe1 Nd6 28. Qc5 Bf8 29. Rbc1 Qf6 30. Qc7 d4 31. Qd7 Bd5 32. Rc7 Nf7 33. Rd1 Bd6 34. Rc8+ Kg7 35. Qe8 Qf4 36. Qg8+ Kf6 37. Kf1 Qh2 38. Qxh7 Qxg2+ 39. Ke1 Qe4+ 40. Kf1 d3 0-1

[Event "Chigorin Memorial 28th"]
[Site "St Petersburg"]
[Date "2021.10.25"]
[Round "3"]
[White "Isanbaev, Ramil"]
[Black "Bashirli, Nail Qoshqar"]
[Result "1-0"]
[WhiteElo "2162"]
[BlackElo "2382"]
[PlyCount "75"]
[EventDate "2021.10.23"]
[EventType "swiss"]
[EventRounds "9"]
[EventCountry "RUS"]
[SourceTitle "EXT 2023"]
[Source "ChessBase"]
[SourceDate "2022.10.05"]
[SourceVersion "1"]
[SourceVersionDate "2022.10.05"]
[SourceQuality "1"]

1. e4 Nf6 2. e5 Nd5 3. d4 d6 4. Nf3 Nb6 5. a4 a5 6. Be2 g6 7. 0-0 Bg7 8. c3 0-0 9. Be3 Bf5 10. Na3 Nc6 11. exd6 exd6 12. Nb5 Re8 13. d5 Ne5 14. Bxb6 cxb6 15. Nfd4 Be4 16. f4 Bxd5 17. fxe5 dxe5 18. Nf3 e4 19. Ne1 Be5 20. g3 Re7 21. Ng2 Rd7 22. Qc2 Qe7 23. Rad1 Qc5+ 24. Kh1 Rad8 25. Nd4 f5 26. Nf4 Bxd4 27. Rxd4 Bf7 28. Rxd7 Rxd7 29. Rd1 Re7 30. Qd2 Qc6 31. Qd6 Qxd6 32. Rxd6 Kg7 33. Rxb6 g5 34. Ng2 Rd7 35. Kg1 Rd2 36. Kf1 h5 37. h4 Bd5 38. Ke1 1-0

[Event "Capital of Sibiria op"]
[Site "Novosibirsk"]
[Date "2002.07.23"]
[Round "5"]
[White "Isanbaev, Ramil"]
[Black "Yudin, Sergei"]
[Result "1-0"]
[WhiteElo "2372"]
[BlackElo "2328"]
[PlyCount "97"]
[EventDate "2002.07.19"]
[EventType "swiss"]
[EventRounds "9"]
[EventCountry "RUS"]
[SourceTitle "CBM 089 Extra"]
[Source "ChessBase"]
[SourceDate "2002.09.10"]
[SourceVersion "2"]
[SourceVersionDate "2002.09.10"]
[SourceQuality "1"]

1. e4 d6 2. d4 Nf6 3. Bd3 e5 4. Nf3 Nbd7 5. c3 Be7 6. 0-0 0-0 7. Re1 Re8 8. Nbd2 c6 9. a4 Qc7 10. Nf1 Bf8 11. Ng3 g6 12. a5 Bg7 13. Be3 Nf8 14. h3 Ne6 15. Qd2 Bd7 16. b4 Red8 17. Ra2 Be8 18. Qc2 h6 19. Qc1 Kh7 20. Rd1 c5 21. d5 Nf4 22. Bxf4 exf4 23. Qxf4 Nd7 24. Ne2 Rac8 25. b5 Ne5 26. c4 Nxf3+ 27. Qxf3 a6 28. b6 Qe7 29. g3 Bd7 30. Kg2 Rf8 31. Nf4 Rce8 32. Bb1 Qf6 33. Re1 Kg8 34. Re3 h5 35. Qe2 Bh6 36. Rf3 Qd8 37. Kh2 Qc8 38. Qf1 Re7 39. Qg2 Rfe8 40. Re2 Kg7 41. Re1 Bg5 42. Rfe3 h4 43. Qf3 Rh8 44. g4 Rhe8 45. Rg1 Qd8 46. Re2 Kh6 47. Nd3 f5 48. gxf5 gxf5 49. Nf4 1-0

[Event "Novosibirsk op"]
[Site "Novosibirsk"]
[Date "2001.07.24"]
[Round "6"]
[White "Isanbaev, Ramil"]
[Black "Fatkhutdinov, Gafiyat"]
[Result "0-1"]
[WhiteElo "2362"]
[BlackElo "2204"]
[PlyCount "92"]
[EventDate "2001.07.18"]
[EventType "swiss"]
[EventRounds "11"]
[EventCountry "RUS"]
[SourceTitle "CBM 083 Extra"]
[Source "ChessBase"]
[SourceDate "2001.09.11"]
[SourceVersion "1"]
[SourceVersionDate "2001.09.11"]
[SourceQuality "1"]

1. e4 g6 2. d4 Bg7 3. Nf3 c6 4. c3 d5 5. e5 Bg4 6. Nbd2 Nd7 7. h3 Bxf3 8. Nxf3 f6 9. exf6 exf6 10. Bd3 Ne7 11. 0-0 0-0 12. Bf4 Re8 13. Qc2 Nf8 14. Rfe1 Qd7 15. Re2 Kf7 16. Rae1 Ng8 17. Be3 Re6 18. c4 Ne7 19. Nd2 Re8 20. c5 Ng8 21. b4 a6 22. a4 Bh6 23. Bxh6 Rxe2 24. Rxe2 Rxe2 25. Bxe2 Nxh6 26. Nf3 Ne6 27. g3 Nf5 28. Qd2 Qe7 29. Bf1 h5 30. h4 g5 31. Qd3 Nfg7 32. hxg5 Nxg5 33. Be2 Nxf3+ 34. Qxf3 Qe6 35. Bd3 Qg4 36. Qe3 Ne6 37. Be2 Qg6 38. Kh2 Ke7 39. Bd3 Qg4 40. f4 h4 41. f5 Qxg3+ 42. Qxg3 hxg3+ 43. Kxg3 Nxd4 44. Kf2 Nb3 45. Bc2 Nc1 46. Bb1 a5 0-1

[Event "Novosibirsk op"]
[Site "Novosibirsk"]
[Date "2001.07.20"]
[Round "2"]
[White "Rudkovsky, Viktor"]
[Black "Isanbaev, Ramil"]
[Result "0-1"]
[WhiteElo "2092"]
[BlackElo "2362"]
[PlyCount "72"]
[EventDate "2001.07.18"]
[EventType "swiss"]
[EventRounds "11"]
[EventCountry "RUS"]
[SourceTitle "CBM 083 Extra"]
[Source "ChessBase"]
[SourceDate "2001.09.11"]
[SourceVersion "1"]
[SourceVersionDate "2001.09.11"]
[SourceQuality "1"]

1. c4 Nf6 2. Nc3 g6 3. d4 Bg7 4. e4 0-0 5. f3 d6 6. Be3 c5 7. dxc5 dxc5 8. Qxd8 Rxd8 9. Bxc5 Nc6 10. Rd1 Rxd1+ 11. Kxd1 b6 12. Ba3 Ba6 13. Nd5 Rd8 14. Ke1 e6 15. Ne7+ Nxe7 16. Bxe7 Rd7 17. Ba3 Nh5 18. Nh3 f5 19. Nf2 Bd4 20. g3 Nf6 21. exf5 exf5 22. Be2 Rd8 23. Nd1 Nd5 24. cxd5 Re8 25. Nc3 Bxc3+ 26. bxc3 Rxe2+ 27. Kd1 Rxa2 28. d6 Bb5 29. Bc1 Kf7 30. h4 Be2+ 31. Ke1 Bxf3 32. Rg1 Re2+ 33. Kf1 Ke6 34. g4 fxg4 35. Bf4 b5 36. h5 gxh5 0-1

[Event "EU-chT Railways USIC"]
[Site "Dresden"]
[Date "2000.06.24"]
[Round "7.5"]
[White "Gillet, Richard"]
[Black "Isanbaev, Ramil"]
[Result "1/2-1/2"]
[WhiteElo "2190"]
[BlackElo "2398"]
[PlyCount "68"]
[EventDate "2000.06.19"]
[EventType "team-swiss"]
[EventRounds "7"]
[EventCountry "GER"]
[SourceTitle "EXT 2002"]
[Source "ChessBase"]
[SourceDate "2001.11.25"]
[SourceVersion "1"]
[SourceVersionDate "2001.11.25"]
[SourceQuality "1"]
[WhiteTeam "France (USIC)"]
[BlackTeam "Russia (USIC)"]
[WhiteTeamCountry "FRA"]
[BlackTeamCountry "RUS"]

1. e4 e5 2. Nf3 Nc6 3. Bb5 Nf6 4. 0-0 d6 5. d4 Bd7 6. Nc3 exd4 7. Nxd4 Be7 8. b3 Nxd4 9. Qxd4 Bxb5 10. Nxb5 Nd7 11. Nc3 Bf6 12. Qd2 0-0 13. Bb2 Re8 14. f3 Nc5 15. Nd1 Bxb2 16. Nxb2 Qf6 17. c4 a5 18. Rad1 a4 19. b4 Ne6 20. a3 c5 21. b5 Nd4 22. Kh1 Qg6 23. Nd3 f5 24. Nf2 Re7 25. exf5 Nxf5 26. Rfe1 Rae8 27. Rxe7 Rxe7 28. Ne4 Nd4 29. Qa5 h6 30. Qxa4 Kh7 31. Ra1 Nxf3 32. gxf3 Rxe4 33. Rg1 Qf5 34. fxe4 Qf3+ 1/2-1/2

[Event "EU-chT Railways USIC"]
[Site "Dresden"]
[Date "2000.06.23"]
[Round "5.5"]
[White "Isanbaev, Ramil"]
[Black "Honos, Attila"]
[Result "1-0"]
[WhiteElo "2398"]
[BlackElo "2287"]
[PlyCount "57"]
[EventDate "2000.06.19"]
[EventType "team-swiss"]
[EventRounds "7"]
[EventCountry "GER"]
[SourceTitle "EXT 2002"]
[Source "ChessBase"]
[SourceDate "2001.11.25"]
[SourceVersion "1"]
[SourceVersionDate "2001.11.25"]
[SourceQuality "1"]
[WhiteTeam "Russia (USIC)"]
[BlackTeam "Hungary (USIC)"]
[WhiteTeamCountry "RUS"]
[BlackTeamCountry "HUN"]

1. e4 c5 2. Nf3 Nc6 3. d4 cxd4 4. Nxd4 Nf6 5. Nc3 e5 6. Ndb5 d6 7. Bg5 a6 8. Na3 Be6 9. Nc4 Rc8 10. Ne3 Qb6 11. Bxf6 Qxb2 12. Ncd5 Bxd5 13. Nxd5 Nb4 14. Bd3 Nxd5 15. exd5 Qc3+ 16. Ke2 gxf6 17. Re1 Be7 18. Kf1 Bd8 19. Rb1 b5 20. Qg4 Ke7 21. Re3 Bb6 22. Rf3 Qd4 23. Qf5 Qh4 24. a4 Qg5 25. axb5 a5 26. Qe4 Rcg8 27. g3 Qg4 28. Qf5 Rg5 29. Qxf6+ 1-0

[Event "EU-chT Railways USIC"]
[Site "Dresden"]
[Date "2000.06.21"]
[Round "2.5"]
[White "Nikolic, Milenko"]
[Black "Isanbaev, Ramil"]
[Result "0-1"]
[WhiteElo "2100"]
[BlackElo "2398"]
[PlyCount "96"]
[EventDate "2000.06.19"]
[EventType "team-swiss"]
[EventRounds "7"]
[EventCountry "GER"]
[SourceTitle "EXT 2002"]
[Source "ChessBase"]
[SourceDate "2001.11.25"]
[SourceVersion "1"]
[SourceVersionDate "2001.11.25"]
[SourceQuality "1"]
[WhiteTeam "Croatia (USIC)"]
[BlackTeam "Russia (USIC)"]
[WhiteTeamCountry "CRO"]
[BlackTeamCountry "RUS"]

1. d4 Nf6 2. Nf3 g6 3. c4 Bg7 4. Nc3 0-0 5. e4 d6 6. Bd3 e5 7. d5 a5 8. Bg5 Na6 9. Rc1 h6 10. Be3 Ng4 11. 0-0 f5 12. h3 Nf6 13. Nh2 f4 14. Bd2 g5 15. a3 Bd7 16. Rb1 Nc5 17. Bc2 a4 18. f3 h5 19. Qe2 Rf7 20. Nd1 Bf8 21. Nf2 Rg7 22. Bd1 Qe8 23. Kh1 Qg6 24. Bc2 Be7 25. Rg1 g4 26. Nd3 Kf7 27. Nxc5 dxc5 28. Bxf4 exf4 29. e5 Bf5 30. Bxf5 Qxf5 31. exf6 Bxf6 32. fxg4 hxg4 33. Qe6+ Qxe6 34. dxe6+ Ke7 35. Rgd1 gxh3 36. Rd7+ Kxe6 37. Rxg7 Bxg7 38. gxh3 Rd8 39. b4 Rd3 40. bxc5 Rxa3 41. Rxb7 Rxh3 42. Kg2 Rg3+ 43. Kf2 a3 44. Ra7 Bd4+ 45. Kf1 a2 46. Rxa2 Rg1+ 47. Ke2 Rg2+ 48. Kd3 Rxa2 0-1

[Event "RUS-Cup"]
[Site "Bor"]
[Date "2000.??.??"]
[Round "2"]
[White "Isanbaev, Ramil"]
[Black "Chernyshov, Konstantin"]
[Result "1/2-1/2"]
[WhiteElo "2398"]
[BlackElo "2544"]
[PlyCount "69"]
[EventDate "2000.06.??"]
[EventType "swiss"]
[EventRounds "9"]
[EventCountry "RUS"]
[SourceTitle "EXT 2001"]
[Source "ChessBase"]
[SourceDate "2000.11.22"]
[SourceVersion "1"]
[SourceVersionDate "2000.11.22"]
[SourceQuality "1"]

1. e4 c5 2. Nf3 Nc6 3. d4 cxd4 4. Nxd4 Nf6 5. Nc3 d6 6. Bg5 e6 7. Qd2 a6 8. 0-0-0 h6 9. Be3 Nxd4 10. Bxd4 b5 11. a3 Bb7 12. Bd3 e5 13. Be3 Ng4 14. Kb1 Be7 15. Be2 Nxe3 16. Qxe3 Rc8 17. Nd5 Rc5 18. f4 exf4 19. Qxf4 0-0 20. h4 Bxd5 21. Rxd5 Rxd5 22. exd5 Re8 23. Bd3 Bf6 24. Qf5 Re5 25. Qh7+ Kf8 26. Be4 Qb6 27. Bf3 Re3 28. c3 a5 29. Qh8+ Ke7 30. Qc8 b4 31. cxb4 Qd4 32. Qc2 axb4 33. Qc7+ Ke8 34. Qc6+ Ke7 35. Qc7+ 1/2-1/2

[Event "Novosibirsk-ch"]
[Site "Novosibirsk"]
[Date "2000.??.??"]
[Round "?"]
[White "Isanbaev, Ramil"]
[Black "Chigvintsev, Andrei"]
[Result "1/2-1/2"]
[WhiteElo "2377"]
[BlackElo "2420"]
[PlyCount "71"]
[EventDate "2000.12.??"]
[EventType "swiss"]
[EventRounds "9"]
[EventCountry "RUS"]
[SourceTitle "EXT 2002"]
[Source "ChessBase"]
[SourceDate "2001.11.25"]
[SourceVersion "1"]
[SourceVersionDate "2001.11.25"]
[SourceQuality "1"]

1. e4 e6 2. d4 d5 3. Nc3 Nf6 4. e5 Nfd7 5. f4 c5 6. Nf3 a6 7. Be3 Qb6 8. a3 Nc6 9. b3 Qc7 10. Qd2 b6 11. Bd3 g6 12. 0-0 Bb7 13. g4 Rc8 14. Qf2 Ne7 15. f5 gxf5 16. gxf5 Rg8+ 17. Kh1 exf5 18. Bxf5 cxd4 19. Bxd7+ Qxd7 20. e6 fxe6 21. Bxd4 Nf5 22. Rae1 Bc5 23. Ne2 Bd6 24. Nh4 Nxh4 25. Qxh4 Rxc2 26. Qh5+ Rg6 27. Rf6 Kd8 28. Bxb6+ Ke8 29. Rxg6 hxg6 30. Qxg6+ Qf7 31. Qxc2 d4+ 32. Kg1 Bxh2+ 33. Kxh2 Qh5+ 34. Kg3 Qg5+ 35. Kh3 Qh5+ 36. Kg3 1/2-1/2

[Event "RUS-Cup"]
[Site "Bor"]
[Date "2000.??.??"]
[Round "6"]
[White "Isanbaev, Ramil"]
[Black "Pakhomov, Alexey"]
[Result "1/2-1/2"]
[WhiteElo "2398"]
[BlackElo "2298"]
[PlyCount "87"]
[EventDate "2000.06.??"]
[EventType "swiss"]
[EventRounds "9"]
[EventCountry "RUS"]
[SourceTitle "EXT 2001"]
[Source "ChessBase"]
[SourceDate "2000.11.22"]
[SourceVersion "1"]
[SourceVersionDate "2000.11.22"]
[SourceQuality "1"]

1. e4 c5 2. Nf3 d6 3. d4 cxd4 4. Nxd4 Nf6 5. Nc3 a6 6. Bg5 e6 7. f4 h6 8. Bh4 Be7 9. Qf3 Qc7 10. 0-0-0 Nbd7 11. Bd3 g5 12. fxg5 Ne5 13. Qe2 Nfg4 14. Nf3 hxg5 15. Bxg5 Bxg5+ 16. Nxg5 Qc5 17. Nh3 Bd7 18. Rdf1 0-0-0 19. Qd2 Rdg8 20. Kb1 Bc6 21. a3 Qd4 22. Rd1 Ne3 23. Bf1 Qb6 24. Qf2 Bxe4 25. Nxe4 Qxb2+ 26. Kxb2 Nxd1+ 27. Kb3 Nxf2 28. Nexf2 Kd7 29. g3 d5 30. Be2 b5 31. Nf4 Nc6 32. Kb2 Kd6 33. Bf3 Ne5 34. Bg2 Nc4+ 35. Kb3 Ne3 36. Bf3 Rc8 37. c3 e5 38. Ng2 Nxg2 39. Bxg2 e4 40. Ng4 f5 41. Ne3 Ke5 42. Rf1 Rcf8 43. Rd1 Rd8 44. Rf1 1/2-1/2

[Event "RUS-Cup"]
[Site "Bor"]
[Date "2000.??.??"]
[Round "8"]
[White "Isanbaev, Ramil"]
[Black "Torbin, Kirill"]
[Result "1-0"]
[WhiteElo "2398"]
[BlackElo "2286"]
[PlyCount "101"]
[EventDate "2000.06.??"]
[EventType "swiss"]
[EventRounds "9"]
[EventCountry "RUS"]
[SourceTitle "EXT 2001"]
[Source "ChessBase"]
[SourceDate "2000.11.22"]
[SourceVersion "1"]
[SourceVersionDate "2000.11.22"]
[SourceQuality "1"]

1. e4 c5 2. Nf3 Nc6 3. d4 cxd4 4. Nxd4 Qb6 5. Nb3 Nf6 6. Nc3 e6 7. f4 d6 8. Qf3 a6 9. g4 Qc7 10. g5 Nd7 11. Be3 b5 12. 0-0-0 Bb7 13. h4 Rc8 14. Rh2 Be7 15. h5 Na5 16. Nxa5 Qxa5 17. Kb1 Nc5 18. Bxc5 Rxc5 19. Bd3 0-0 20. Ne2 b4 21. g6 Bf6 22. Qh3 h6 23. Ng3 Rfc8 24. gxf7+ Kxf7 25. e5 dxe5 26. Ne4 Bxe4 27. Bxe4 Rd8 28. Qg4 exf4 29. Rf1 Qc7 30. Re2 Qd6 31. Bg6+ Ke7 32. Ree1 Rd5 33. Bd3 b3 34. axb3 Ra5 35. Kc1 Rc8 36. Kd2 Bxb2 37. Re4 Bf6 38. Ke2 Ra2 39. Qxf4 Qd5 40. Rc4 Qxh5+ 41. Rf3 Rxc4 42. Qxc4 Qh2+ 43. Rf2 Qe5+ 44. Be4 Ra5 45. Qb4+ Rc5 46. Kf1 Kf7 47. Re2 Qf4+ 48. Rf2 Qc1+ 49. Ke2 Rb5 50. Qd6 Re5 51. Qxe5 1-0

[Event "RUS-Cup03 Geller Memorial"]
[Site "Moscow"]
[Date "1999.02.14"]
[Round "5"]
[White "Isanbaev, Ramil"]
[Black "Skatchkov, Pavel"]
[Result "0-1"]
[WhiteElo "2344"]
[BlackElo "2420"]
[PlyCount "160"]
[EventDate "1999.02.10"]
[EventType "swiss"]
[EventRounds "9"]
[EventCountry "RUS"]
[SourceTitle "CBM 070"]
[Source "ChessBase"]
[SourceDate "1999.06.08"]
[SourceVersion "1"]
[SourceVersionDate "1999.06.08"]
[SourceQuality "1"]

1. e4 e5 2. Nf3 Nf6 3. Nxe5 d6 4. Nf3 Nxe4 5. d4 d5 6. Bd3 Bd6 7. 0-0 0-0 8. c4 c6 9. Nc3 Nxc3 10. bxc3 Bg4 11. h3 Bh5 12. cxd5 cxd5 13. g4 Bg6 14. Bxg6 fxg6 15. Qb3 Rxf3 16. Qxb7 Na6 17. Qxa6 Rxh3 18. Qc6 Rc8 19. Bg5 Rxc6 20. Bxd8 Rhxc3 21. Bg5 Bc7 22. Be3 Bb6 23. Rab1 Ra3 24. Rb5 Rd6 25. Rb2 Rc3 26. Kg2 Rc4 27. Rd1 g5 28. Rd3 h6 29. Rb5 Kh7 30. a3 Rd7 31. Kg3 Kg6 32. Kg2 Kf6 33. Rb1 Rdc7 34. f4 Rc2+ 35. Kf3 gxf4 36. Bxf4 R7c3 37. Be5+ Kg6 38. Rb3 Rxd3+ 39. Rxd3 Rc4 40. Kf4 a5 41. Ke3 a4 42. Kf4 Bd8 43. Bd6 Bf6 44. Bc5 Rc1 45. Rf3 Re1 46. Kg3 Re4 47. Rf5 Bxd4 48. Bd6 Bb2 49. Rxd5 Bxa3 50. Bxa3 Re3+ 51. Kh4 Rxa3 52. g5 hxg5+ 53. Rxg5+ Kh6 54. Ra5 Ra1 55. Kg3 g6 56. Kg4 Kg7 57. Ra6 Kf7 58. Kg3 Ra2 59. Kf3 Ra1 60. Ke3 Kg7 61. Kf3 Kh6 62. Ra5 a3 63. Kg3 g5 64. Kg2 Kh5 65. Kg3 Kg6 66. Kg2 Ra2+ 67. Kg3 Ra1 68. Kg2 Kf6 69. Kh2 Kg6 70. Kg2 Ra2+ 71. Kg3 Kf6 72. Kh3 Ra1 73. Kg2 g4 74. Kh2 Ke6 75. Kg3 Kd6 76. Kh2 Kc6 77. Rg5 Rb1 78. Ra5 Rb3 79. Rg5 g3+ 80. Kh3 Rc3 0-1

[Event "RUS-Cup03 Geller Memorial"]
[Site "Moscow"]
[Date "1999.02.10"]
[Round "1"]
[White "Isanbaev, Ramil"]
[Black "Kobalia, Mihail"]
[Result "0-1"]
[WhiteElo "2344"]
[BlackElo "2537"]
[PlyCount "80"]
[EventDate "1999.02.10"]
[EventType "swiss"]
[EventRounds "9"]
[EventCountry "RUS"]
[SourceTitle "CBM 070"]
[Source "ChessBase"]
[SourceDate "1999.06.08"]
[SourceVersion "1"]
[SourceVersionDate "1999.06.08"]
[SourceQuality "1"]

1. e4 c5 2. Nf3 e6 3. d4 cxd4 4. Nxd4 Nc6 5. Nc3 Qc7 6. Be3 a6 7. Be2 Nf6 8. 0-0 Be7 9. a4 Bb4 10. Bg5 Qa5 11. Bxf6 gxf6 12. Nxc6 dxc6 13. Qd3 Bd7 14. Nd1 Qc7 15. Ne3 Ke7 16. Ng4 Bd6 17. Qc3 Be5 18. Qc5+ Qd6 19. Qxd6+ Bxd6 20. Rad1 c5 21. b3 Bc6 22. Nxf6 Bc7 23. Nh5 Bxe4 24. Bd3 Bxd3 25. Rxd3 Rhd8 26. Rfd1 Rxd3 27. Rxd3 b5 28. Kf1 Be5 29. Ng3 bxa4 30. bxa4 c4 31. Re3 Kd6 32. Ne4+ Kd5 33. g3 Rb8 34. Ng5 f6 35. Ne4 Rb1+ 36. Kg2 Ra1 37. c3 f5 38. Nc5 Bxc3 39. Nxa6 Bd2 40. Re2 c3 0-1

[Event "RUS-Cup03 Geller Memorial"]
[Site "Moscow"]
[Date "1999.02.09"]
[Round "8"]
[White "Balashov, Yuri S"]
[Black "Isanbaev, Ramil"]
[Result "1/2-1/2"]
[WhiteElo "2578"]
[BlackElo "2344"]
[PlyCount "211"]
[EventDate "1999.02.10"]
[EventType "swiss"]
[EventRounds "9"]
[EventCountry "RUS"]
[SourceTitle "CBM 070"]
[Source "ChessBase"]
[SourceDate "1999.06.08"]
[SourceVersion "1"]
[SourceVersionDate "1999.06.08"]
[SourceQuality "1"]

1. e4 e5 2. Nf3 Nc6 3. Bb5 a6 4. Ba4 Nf6 5. 0-0 Be7 6. d3 d6 7. c3 0-0 8. Re1 b5 9. Bc2 Re8 10. Nbd2 Bf8 11. Nf1 g6 12. Ng3 Bg7 13. h3 d5 14. Bg5 h6 15. Bxf6 Bxf6 16. exd5 Qxd5 17. d4 Bb7 18. Be4 Qd6 19. dxe5 Bxe5 20. Nxe5 Rxe5 21. Qxd6 cxd6 22. f4 Re7 23. Bf3 Rae8 24. Rxe7 Rxe7 25. Rd1 Na5 26. Kf2 Bxf3 27. Kxf3 Nb7 28. Ne4 f5 29. Nf6+ Kf7 30. Nd5 Rd7 31. g4 Ke6 32. Nb6 Re7 33. b4 Kf7 34. gxf5 gxf5 35. Nd5 Re8 36. a4 bxa4 37. Ra1 Rc8 38. Ke3 Re8+ 39. Kd3 Re4 40. Rxa4 a5 41. Ra3 axb4 42. Ra7 bxc3 43. Kxc3 Ke6 44. Nc7+ Kd7 45. Rxb7 Kc6 46. Nb5 Rxf4 47. Rb8 Rh4 48. Nd4+ Kd5 49. Nxf5 Rxh3+ 50. Kd2 Ke4 51. Nxd6+ Ke5 52. Rd8 h5 53. Ke2 h4 54. Nc4+ Ke4 55. Nd2+ Kf4 56. Rf8+ Kg4 57. Rg8+ Kf4 58. Nf3 Rg3 59. Rf8+ Ke4 60. Nxh4 Ra3 61. Re8+ Kd4 62. Nf3+ Kd5 63. Re5+ Kc4 64. Rh5 Rc3 65. Ne1 Kd4 66. Rh4+ Kd5 67. Nd3 Rc8 68. Nb4+ Kc5 69. Kd3 Rg8 70. Kc3 Rg3+ 71. Nd3+ Kd5 72. Rh5+ Kd6 73. Kd4 Rg4+ 74. Ke3 Ra4 75. Nc5 Rb4 76. Ne4+ Ke6 77. Kf4 Rd4 78. Re5+ Kd7 79. Kf5 Kc6 80. Rc5+ Kb6 81. Rc1 Rd8 82. Ke5 Rh8 83. Nf6 Kb5 84. Kd4 Rh4+ 85. Kd5 Rf4 86. Nd7 Kb4 87. Ne5 Rf5 88. Ke4 Rh5 89. Nf3 Kb5 90. Kd4 Kb6 91. Ne5 Rh4+ 92. Kd5 Rh5 93. Rb1+ Kc7 94. Rb5 Rh1 95. Rc5+ Kb7 96. Rc2 Rd1+ 97. Kc5 Rh1 98. Rg2 Rh7 99. Kd6 Rh6+ 100. Ng6 Kc8 101. Kc6 Kb8 102. Kd7 Kb7 103. Rb2+ Ka6 104. Ne7 Rb6 105. Ra2+ Kb5 106. Nc6 1/2-1/2

[Event "RUS-chT (club)"]
[Site "Novokuznetsk"]
[Date "1999.??.??"]
[Round "?"]
[White "Isanbaev, Ramil"]
[Black "Ozgibcev, Anatoly"]
[Result "1/2-1/2"]
[WhiteElo "2344"]
[BlackElo "2418"]
[PlyCount "121"]
[EventDate "1999.??.??"]
[EventType "team"]
[EventRounds "11"]
[EventCountry "RUS"]
[SourceTitle "EXT 2001"]
[Source "ChessBase"]
[SourceDate "2000.11.22"]
[SourceVersion "1"]
[SourceVersionDate "2000.11.22"]
[SourceQuality "1"]

1. e4 d5 2. exd5 Qxd5 3. Nc3 Qa5 4. d4 Nf6 5. Nf3 Nc6 6. d5 Nb4 7. Bc4 Bg4 8. 0-0 0-0-0 9. h3 Bh5 10. a3 Nbxd5 11. Nxd5 Qc5 12. Nxe7+ Bxe7 13. Bd3 Qd5 14. Be3 Bxf3 15. Qxf3 Qxf3 16. gxf3 a6 17. Rad1 Nd5 18. Bc4 Nxe3 19. fxe3 Bc5 20. Kf2 Rde8 21. Rfe1 Re7 22. Kg2 Bxe3 23. Bxf7 Rxf7 24. Rxe3 Rd8 25. Rde1 Rd2+ 26. R1e2 Rxe2+ 27. Rxe2 Kd7 28. Kg3 Re7 29. Rd2+ Ke8 30. a4 Re1 31. b3 Rc1 32. h4 Ke7 33. Kf4 Ke6 34. Rg2 Kf6 35. Rd2 b6 36. Re2 Rh1 37. Kg4 Rg1+ 38. Kf4 Rc1 39. Rd2 a5 40. Re2 Rh1 41. Kg4 Rg1+ 42. Kf4 Rc1 43. Rd2 g6 44. Re2 Rh1 45. Kg4 Rg1+ 46. Kf4 h6 47. Re4 g5+ 48. hxg5+ hxg5+ 49. Ke3 Re1+ 50. Kd3 Rxe4 51. Kxe4 Ke6 52. f4 gxf4 53. Kxf4 Kd5 54. Ke3 Kc5 55. c3 Kd5 56. Kd3 Kc5 57. Kc2 c6 58. Kd3 Kd5 59. b4 c5 60. bxa5 bxa5 61. c4+ 1/2-1/2

[Event "RUS-chT (club)"]
[Site "Novokuznetsk"]
[Date "1999.??.??"]
[Round "?"]
[White "Kalashnikov, Konstantin"]
[Black "Isanbaev, Ramil"]
[Result "1-0"]
[WhiteElo "2393"]
[BlackElo "2344"]
[PlyCount "45"]
[EventDate "1999.??.??"]
[EventType "team"]
[EventRounds "11"]
[EventCountry "RUS"]
[SourceTitle "EXT 2001"]
[Source "ChessBase"]
[SourceDate "2000.11.22"]
[SourceVersion "1"]
[SourceVersionDate "2000.11.22"]
[SourceQuality "1"]

1. d4 Nf6 2. c4 c5 3. Nf3 cxd4 4. Nxd4 e6 5. Nc3 Be7 6. e4 d6 7. Bd3 0-0 8. 0-0 b6 9. b3 Bb7 10. Bb2 Nc6 11. Bc2 a6 12. Kh1 Qc7 13. Rc1 Nxd4 14. Qxd4 Qc5 15. Qd3 Qc6 16. Nd5 Rfe8 17. e5 exd5 18. exf6 Bxf6 19. Qxh7+ Kf8 20. Bxf6 gxf6 21. Qh6+ Ke7 22. Bf5 Bc8 23. cxd5 1-0

[Event "RUS-chT (club)"]
[Site "Novokuznetsk"]
[Date "1999.??.??"]
[Round "?"]
[White "Vitinik, Mikhail"]
[Black "Isanbaev, Ramil"]
[Result "0-1"]
[WhiteElo "2297"]
[BlackElo "2344"]
[PlyCount "92"]
[EventDate "1999.??.??"]
[EventType "team"]
[EventRounds "11"]
[EventCountry "RUS"]
[SourceTitle "EXT 2001"]
[Source "ChessBase"]
[SourceDate "2000.11.22"]
[SourceVersion "1"]
[SourceVersionDate "2000.11.22"]
[SourceQuality "1"]

1. e4 e5 2. Nf3 Nc6 3. Bb5 a6 4. Ba4 Nf6 5. 0-0 Be7 6. Re1 b5 7. Bb3 0-0 8. d3 d6 9. c3 Re8 10. Nbd2 Bf8 11. Nf1 Bb7 12. a4 Na5 13. Bc2 c5 14. Ng3 g6 15. d4 exd4 16. cxd4 Bg7 17. d5 Rc8 18. Bf4 b4 19. b3 c4 20. Rb1 c3 21. Qc1 Rc7 22. Bh6 Bh8 23. Qf4 Bc8 24. Bg5 Nb7 25. Rbd1 a5 26. Nd4 Bd7 27. Qh4 Qe7 28. Re3 h6 29. Qxh6 Ng4 30. Bxe7 Nxh6 31. Bg5 Ng4 32. Ree1 Nf6 33. Bf4 Nxd5 34. Nb5 Bxb5 35. Rxd5 Bc6 36. Rdd1 Rd7 37. f3 d5 38. exd5 Rxe1+ 39. Rxe1 Bxd5 40. Re8+ Kh7 41. h4 Nc5 42. Ne4 Bd4+ 43. Kh2 Bxe4 44. fxe4 Ne6 45. Bc1 Bg7 46. g4 Nd4 0-1